United Nations Resolutions on Palestine and the Arab-Israeli Conflict : 1976-1980 /

Պահպանված է:
Մատենագիտական մանրամասներ
Հիմնական հեղինակ: Sharif, Regina S. (edición)
Ձևաչափ: Գիրք
Լեզու:անգլերեն
Հրապարակվել է: Beirut, Líbano : Abu Dhabi, Emiratos Arabes Unidos : Institute for Palestine Studies ; Center for Documentation and Studies, 1980 c1980
Ցուցիչներ: Ավելացրեք ցուցիչ
Չկան պիտակներ, Եղեք առաջինը, ով նշում է այս գրառումը!

MARC

LEADER 00000nam^a2200000^a^4500
001 000579130
005 20250526000000.0
009 20260310132524.002
037 |a Acervo Xavier Clavigero 
041 |a ING 
091 |a FIP. 01402 
100 |a Sharif, Regina S.  |e (edición) 
245 1 0 |a United Nations Resolutions on Palestine and the Arab-Israeli Conflict :  |b 1976-1980 / 
264 4 |a Beirut, Líbano :  |b Institute for Palestine Studies ;  |a Abu Dhabi, Emiratos Arabes Unidos :  |b Center for Documentation and Studies,  |c 1980 c1980 
300 |a 5 vol. (XXV, 302 p.) ;  |c 28.0 cm. 
336 |a texto  |b txt  |2 rdacontenido 
337 |a sin mediación  |b n  |2 rdamedio 
338 |a volumen  |b nc  |2 rdasoporte 
649 |a XX 
910 |a Fondo Manuel Ignacio Pérez Alonso S.J. 
920 |a Impresos - Libros 
930 |a Libros Antiguos y Raros 
905 |a 108 
901 |a 0500409061  |b IT2  |c LRA  |i D  |u 20250526 
901 |a 0500409062  |b IT2  |c LRA  |i D  |u 20250526 
901 |a 0500409063  |b IT2  |c LRA  |i D  |u 20250526 
901 |a 0500409064  |b IT2  |c LRA  |i D  |u 20250526 
901 |a 0500409065  |b IT2  |c LRA  |i D  |u 20250526 
902 |a https://opac.biblio.iteso.mx/vufind/Record/000579130